MARC details
| 000 -CABECERA |
| campo de control de longitud fija |
01795nam a2200265 a 4500 |
| 001 - NÚMERO DE CONTROL |
| campo de control |
000024599 |
| 005 - FECHA Y HORA DE LA ÚLTIMA TRANSACCIÓN |
| campo de control |
20260313090909.0 |
| 008 - DATOS DE LONGITUD FIJA--INFORMACIÓN GENERAL |
| campo de control de longitud fija |
110201s2004 dr 000 0 spa d |
| 040 ## - FUENTE DE LA CATALOGACIÓN |
| Centro catalogador/agencia de origen |
DO-SdBNP |
| Lengua de catalogación |
spa |
| Centro/agencia transcriptor |
BNPHU |
| 082 ## - NÚMERO DE LA CLASIFICACIÓN DECIMAL DEWEY |
| Número de clasificación |
302.14 |
| Número de documento/Ítem |
F727a |
| 110 1# - ENTRADA PRINCIPAL--NOMBRE DE ENTIDAD CORPORATIVA |
| Nombre de entidad corporativa o nombre de jurisdicción como elemento de entrada |
Foro Ciudadano |
| 9 (RLIN) |
50440 |
| 245 10 - MENCIÓN DE TÍTULO |
| Título |
Agenda propositiva desde la sociedad civil presentada a los candidatos presidenciales, elecciones 2004 : |
| Resto del título |
un proceso de construcción y concertación colectivo. |
| 260 ## - PUBLICACIÓN, DISTRIBUCIÓN, ETC. |
| Lugar de publicación, distribución, etc. |
Santo Domingo : |
| Nombre del editor, distribuidor, etc. |
Secretaría de Foro Ciudadano, |
| Fecha de publicación, distribución, etc. |
2004. |
| 300 ## - DESCRIPCIÓN FÍSICA |
| Extensión |
102 p. ; |
| Dimensiones |
24 cm. |
| 500 ## - NOTA GENERAL |
| Nota general |
Incluye bibliografía y notas al pie de páginas. |
| 505 0# - NOTA DE CONTENIDO CON FORMATO |
| Información miscelánea |
Presentación -- |
| Título |
Introducción -- |
| -- |
Políticas sociales y erradicación de la pobreza -- |
| -- |
Educación -- |
| -- |
Salud y seguridad social -- |
| -- |
Políticas económicas -- |
| -- |
Transparencia y lucha contra la corrupción -- |
| -- |
Relación Estado y sociedad civil -- |
| -- |
Reforma e institucionalización del Estado -- |
| -- |
Anexos: |
| -- |
Sobre los servicios -- |
| -- |
Medio ambiente y recursos naturales -- |
| -- |
Propuestas desde las mujeres -- |
| -- |
Comité de Seguimiento de Foro Ciudadano -- |
| -- |
Membresía de Foro Ciudadano -- |
| -- |
Membresía Coalición por la Transparencia y la Institucionalidad -- |
| -- |
Cronología del proceso enero-abril para la construcción de la Agenda propositiva -- |
| -- |
Cuadro con las mesas e instituciones coordinadoras. |
| 590 ## - NOTA LOCAL (RLIN) |
| Nota local |
Inventariado, 2018/BT |
| 650 #0 - PUNTO DE ACCESO ADICIONAL DE MATERIA--TÉRMINO DE MATERIA |
| Término de materia o nombre geográfico como elemento de entrada |
Participación social |
| 9 (RLIN) |
77777 |
| 650 #0 - PUNTO DE ACCESO ADICIONAL DE MATERIA--TÉRMINO DE MATERIA |
| Término de materia o nombre geográfico como elemento de entrada |
Sociedad civil |
| 9 (RLIN) |
50441 |
| 650 #4 - PUNTO DE ACCESO ADICIONAL DE MATERIA--TÉRMINO DE MATERIA |
| Término de materia o nombre geográfico como elemento de entrada |
Campañas políticas |
| Subdivisión general |
Participación ciudadana |
| 9 (RLIN) |
50442 |
| 651 #4 - PUNTO DE ACCESO ADICIONAL DE MATERIA--NOMBRE GEOGRÁFICO |
| Nombre geográfico |
República Dominicana |
| Subdivisión general |
Condiciones Económicas |
| 9 (RLIN) |
281 |
| 651 #4 - PUNTO DE ACCESO ADICIONAL DE MATERIA--NOMBRE GEOGRÁFICO |
| Nombre geográfico |
República Dominicana |
| Subdivisión general |
Condiciones Sociales |
| 9 (RLIN) |
46 |
| 710 2# - PUNTO DE ACCESO ADICIONAL--NOMBRE DE ENTIDAD CORPORATIVA |
| Nombre de entidad corporativa o nombre de jurisdicción como elemento de entrada |
Coalición por la Transparencia y la Institucionalidad, CTI (República Dominicana) |
| 9 (RLIN) |
50443 |
| 910 ## - DATOS DE OPCIÓN DEL USUARIO (OCLC) |
| Datos de opción del usuario |
Validado. Control de calidad. EMS |